000 00584cam a2200229 4500
001 D8487
008 090401t1976 xxu||||| |||| 00| 0 eng d
035 _a(Sirsi) u13399
041 _aeng
050 _a336.21026
100 _aRyde, Walter C
245 _aRyde on rating: the law and practice
250 _a13th
260 _aLondon
_bButterworth/Shaw
_c1976
300 _acxxiv. 1454p. 25cm
350 _a32
520 _aAnderson,Anthony...215884 -missing 1990
700 _aWiddicombe, David
700 _aEve, Hon David Trustram
942 _n0
948 _c04/03/1997
999 _c87090
_d87090